书目信息 |
| 题名: |
最新CCED 5.0入门到精通
|
|
| 作者: | 曹国钧 编著 | |
| 分册: | ||
| 出版信息: | 成都 电子科技大学出版社 1996 |
|
| 页数: | 248页 | |
| 开本: | 26cm | |
| 丛书名: | ||
| 单 册: | ||
| 中图分类: | TP319 | |
| 科图分类: | ||
| 主题词: | 汉字处理软件系统-表处理 , 表处理-汉字处理软件系统 , 软件 | |
| 电子资源: | ||
| ISBN: | 7-81043-361-X | |
| 000 | 00800nam0 2200277 45 | |
| 001 | 0197005367 | |
| 005 | 20040517085601.3 | |
| 010 | @a7-81043-361-X@dCNY18 | |
| 100 | @a19970321d1996 em y0chiy0120 ea | |
| 101 | 0 | @achi |
| 102 | @aCN@b510000 | |
| 105 | @ay z 000yy | |
| 106 | @ar | |
| 200 | 10 | @a最新CCED 5.0入门到精通@Azui xin cced 5.0 ru men dao jing tong@f曹国钧编著 |
| 210 | @a成都@c电子科技大学出版社@d1996 | |
| 215 | @a248页@d26cm | |
| 314 | @a曹国钧,众志电脑图书工作室任职 | |
| 517 | 1 | @aCCED5.0入门到精通@Acced5.0 ru men dao jing tong |
| 540 | 1 | @aCCED |
| 606 | @a汉字处理软件系统-表处理 | |
| 606 | @a表处理-汉字处理软件系统 | |
| 606 | 0 | @a软件 |
| 690 | @aTP319 | |
| 701 | 0 | @a曹国钧@Acao guo jun@4编著 |
| 801 | 0 | @aCN@bNLC@c19970429 |
| 905 | @f2@b271520-521@dTP319@e260 | |
| 最新CCED 5.0入门到精通/曹国钧编著.-成都:电子科技大学出版社,1996 |
| 248页;26cm |
| ISBN 7-81043-361-X:CNY18 |
| ● |
| 相关链接 |
|
|
|
|
正题名:最新CCED 5.0入门到精通
索取号:TP319/260
 
预约/预借
| 序号 | 登录号 | 条形码 | 馆藏地/架位号 | 状态 | 备注 |
| 1 | 0271520 | 001338948 | 第三借阅区/ [索取号:TP319/260] | 在馆 | |
| 2 | 0271521 | 001338902 | 第三借阅区/ [索取号:TP319/260] | 在馆 | |
| 3 | 0271522 | 001678241 | 第二样本阅览室/ [索取号:TP319/260] | 在馆 |